उपवास करा आणि निरोगी व्हा (Record no. 461714)

MARC details
000 -LEADER
fixed length control field 00623nam a2200157Ia 4500
008 - FIXED-LENGTH DATA ELEMENTS--GENERAL INFORMATION
fixed length control field 100204s9999 xx 000 0 und d
082 ## - DEWEY DECIMAL CLASSIFICATION NUMBER
Item number 17291
100 ## - MAIN ENTRY--PERSONAL NAME
Personal name गाला ध. रा.
245 ## - TITLE STATEMENT
Title उपवास करा आणि निरोगी व्हा
260 ## - PUBLICATION, DISTRIBUTION, ETC. (IMPRINT)
Name of publisher, distributor, etc "गाला पब्लिशर्स, अहमदाबाद"
Date of publication, distribution, etc 1991 3
300 ## - PHYSICAL DESCRIPTION
Extent 47
630 ## - SUBJECT ADDED ENTRY--UNIFORM TITLE
Uniform title उपवास करा आणि निरोगी व्हा
700 ## - ADDED ENTRY--PERSONAL NAME
Personal name तोडकर वासंती
730 ## - ADDED ENTRY--UNIFORM TITLE
Uniform title उपवास करा आणि निरोगी व्हा
942 ## - ADDED ENTRY ELEMENTS (KOHA)
Koha item type Book
Holdings
Withdrawn status Lost status Damaged status Not for loan Home library Current library Date acquired Cost, normal purchase price Total Checkouts Full call number Barcode Date last seen Cost, replacement price Price effective from Koha item type
        N. C. Kelkar Sarvajanik Library, Mulund N. C. Kelkar Sarvajanik Library, Mulund 02/04/2010 5.00   17291 NCKMULUND-17291 02/04/2010 5.00 02/04/2010 Book